000 00676nam a22001577a 4500
008 170307b xxu||||| |||| 00| 0 eng d
082 _22016
_aUT 0678
_bR65
100 _919039
_aRollon, Patrick Glenn P.
245 _aCausality of MAcroeconomic Factors on the Movement of Financial Index of The Philippine Stock Exchange
_cPatrick Glenn P. Rollon, Precious Jane L. Peñas and Jeamuel Jan D. Concha
300 _a67 pages;
_b30 cm.
650 0 _919040
_aBusiness Administration
_vFinancial Management
_xUndergraduate Thesis.
700 _919041
_aRollon, Patrick Glenn P.
700 _919042
_aPeñas, precious Jane L.
700 _919043
_aConcha, Jeamuel Jan D.
942 _2ddc
_cUT
999 _c6344
_d6344